Statistics for Fifa 13 Ultimate Team Barclays Premier League Best Players

Click here to take the quiz!

General Stats

  • This quiz has been taken 3,090 times
  • The average score is 14 of 16

Answer Stats

HintAnswer% Correct
GK France 86Hugo Lloris
96%
ST Netherlands 88Robin van Persie
95%
ST England 89Wayne Rooney
95%
LM Belgium 87Eden Hazard
94%
CB Serbia 89Nemanja Vidic
93%
ST Argentina 87Sergio Aguero
93%
CDM Ivory Coast 86Yaya Toure
93%
CAM Spain 88David Josue Jimenez Silva
91%
CB Belgium 85Vincent Kompany
91%
LB England 84Ashley Cole
89%
CM England 84Steven Gerrard
87%
RM Ecuador 83Antonio Valencia
85%
CAM Spain 86Juan Manuel Mata Garcia
73%
CAM France 85Samir Nasri
65%
RB Brazil 84Maicon Douglas Sisenando
63%
CM Spain 84Santiago Cazorla Gonzalez
58%

Score Distribution

Percentile by Number Answered

Percent of People with Each Score

Your Score History

You have not taken this quiz